000 00378pam a2200157a 44500
008 230515b2010 xxu||||| |||| 00| 0 eng d
020 _a978-0-199592869
041 _aENGLISH
082 _a616
100 _aWARRELL D A
245 _aTEXTBOOK OF MEDICINE VOL-II
250 _a0
260 _aCALCUTTA
_bOXFORD UNIVERSITY PRESS
_c2010
300 _a3718
650 _aMEDICINE
999 _c552887
_d552887